000 00463nmm a2200157Ia 4500
008 251105s9999||||xx |||||||||||||||||und||
020 _a9789680600007
041 _aspa
100 _aMartín del Campo, Rosalía
245 0 _aCuentos Destrampados
264 _a[México D.C., Mexico] :
_bEditorial Resistencia,
_c2005
300 _a112 páginas
650 _aLatin American narrative
856 _uhttps://public.digitaliapublishing.com/a/18800
942 _cCF
999 _c96721
_d96721